The profits method of valuation : interim report and discussion paper (Record no. 92802)

MARC details
000 -LEADER
fixed length control field 00673cam a2200229 4500
001 - CONTROL NUMBER
control field B2589
008 - FIXED-LENGTH DATA ELEMENTS--GENERAL INFORMATION
fixed length control field 090401t1989 xxu||||| |||| 00| 0 eng d
035 ## - SYSTEM CONTROL NUMBER
System control number (Sirsi) u51037
041 ## - LANGUAGE CODE
Language code of text/sound track or separate title eng
050 ## - LIBRARY OF CONGRESS CALL NUMBER
Classification number 333.332
100 ## - MAIN ENTRY--PERSONAL NAME
Personal name Colborne, A.
245 #4 - TITLE STATEMENT
Title The profits method of valuation : interim report and discussion paper
260 ## - PUBLICATION, DISTRIBUTION, ETC.
Place of publication, distribution, etc. Bristol
Name of publisher, distributor, etc. Bristol Polytechnic Department of Survey
Date of publication, distribution, etc. 1989
300 ## - PHYSICAL DESCRIPTION
Extent i,50p. ; 30cm.
350 ## - PRICE (NR) (BK AM CF MU VM SE) [OBSOLETE]
Price 8.95
520 ## - SUMMARY, ETC.
Summary, etc. Shelf 317 - Research supported by the Royal Institution of Charteredd Surveyors.
650 ## - SUBJECT ADDED ENTRY--TOPICAL TERM
Topical term or geographic name entry element PROFITS METHOD
650 ## - SUBJECT ADDED ENTRY--TOPICAL TERM
Topical term or geographic name entry element VALUATION METHODS
700 ## - ADDED ENTRY--PERSONAL NAME
Personal name Mawby, L.
942 ## - ADDED ENTRY ELEMENTS (KOHA)
Suppress in OPAC 0
948 ## - LOCAL PROCESSING INFORMATION (OCLC); SERIES PART DESIGNATOR (RLIN)
c (OCLC) 04/03/1997
Holdings
Withdrawn status Lost status Source of classification or shelving scheme Damaged status Not for loan Home library Current library Shelving location Date acquired Cost, normal purchase price Total Checkouts Full call number Barcode Date last seen Copy number Cost, replacement price Price effective from Koha item type
    Dewey Decimal Classification     London London Basement 08/08/1991 8.95   SHELF 317 30001723 06/08/2019 1 8.95 06/08/2019 Book